Toán cao cấp Dùng cho các ngành kỹ thuật

Αποθηκεύτηκε σε:
Λεπτομέρειες βιβλιογραφικής εγγραφής
Κύριος συγγραφέας: ĐẬU THẾ CẤP
Μορφή: Βιβλίο
Γλώσσα:Undetermined
Έκδοση: Tp. HCM ĐHQG 2000
Θέματα:
Ετικέτες: Προσθήκη ετικέτας
Δεν υπάρχουν, Καταχωρήστε ετικέτα πρώτοι!
Thư viện lưu trữ: Trung tâm Học liệu Trường Đại học Cần Thơ
LEADER 00506nam a2200181Ia 4500
001 CTU_48559
008 210402s9999 xx 000 0 und d
082 |a 515 
082 |b C123/T2 
100 |a ĐẬU THẾ CẤP 
245 0 |a Toán cao cấp 
245 0 |b Dùng cho các ngành kỹ thuật 
245 0 |c ĐẬU THẾ CẤP 
260 |a Tp. HCM 
260 |b ĐHQG 
260 |c 2000 
650 |a mathematical analysis 
980 |a Trung tâm Học liệu Trường Đại học Cần Thơ